[Event "USA tt"]
[Site "ICC INT"]
[Date "2015.09.23"]
[Round "5"]
[White "Balakrishnan, Praveen"]
[Black "Williams, Christopher"]
[Result "1-0"]
[WhiteElo "2309"]
[BlackElo "2134"]
[PlyCount "63"]
[EventDate "2015.08.25"]
[EventType "team-swiss"]
[EventRounds "10"]
[EventCountry "USA"]
[SourceTitle "EXT 2016"]
[Source "ChessBase"]
[SourceDate "2015.10.08"]
[SourceVersion "1"]
[SourceVersionDate "2015.10.08"]
[SourceQuality "1"]
[WhiteTeam "New Jersey"]
[BlackTeam "Boston"]
[WhiteTeamCountry "USA"]
[BlackTeamCountry "USA"]

1. e4 c6 2. d4 d5 3. Nd2 dxe4 4. Nxe4 Nd7 5. Ng5 Ngf6 6. Bd3 e6 7. N1f3 Bd6 8. Qe2 h6 9. Ne4 Nxe4 10. Qxe4 Qc7 11. Qg4 Kf8 12. Qe4 b6 13. Bd2 Bb7 14. Qe2 Re8 15. 0-0-0 Bf4 16. Bxf4 Qxf4+ 17. Kb1 g6 18. g3 Qc7 19. h4 Kg7 20. h5 e5 21. hxg6 exd4 22. Qd2 c5 23. gxf7 Re6 24. Ng5 Rf6 25. Rh4 Ne5 26. Re1 c4 27. Bf5 c3 28. Qf4 d3 29. Ne6+ Rxe6 30. Bxe6 dxc2+ 31. Kxc2 cxb2+ 32. Kb1 1-0

[Event "USA tt"]
[Site "ICC INT"]
[Date "2014.09.09"]
[Round "3"]
[White "Atoufi, Pedram"]
[Black "Williams, Christopher"]
[Result "1-0"]
[WhiteElo "2274"]
[BlackElo "2133"]
[PlyCount "105"]
[EventDate "2014.08.26"]
[EventType "team-tourn"]
[EventRounds "10"]
[EventCountry "USA"]
[SourceTitle "CBM 162 Extra"]
[Source "ChessBase"]
[SourceDate "2014.10.17"]
[SourceVersion "1"]
[SourceVersionDate "2014.10.17"]
[SourceQuality "1"]
[WhiteTeam "Arizona"]
[BlackTeam "Boston"]
[WhiteTeamCountry "USA"]
[BlackTeamCountry "USA"]

1. Nf3 c5 2. g3 Nc6 3. Bg2 Nf6 4. 0-0 g6 5. d3 Bg7 6. e4 d6 7. Nh4 0-0 8. f4 Bg4 9. Qe1 Nd4 10. Rf2 Bd7 11. h3 Nh5 12. c3 Nc6 13. Rf1 e6 14. g4 Nf6 15. Na3 Rb8 16. Nc4 d5 17. Nd2 b5 18. g5 Nh5 19. e5 Nxf4 20. Rxf4 Nxe5 21. Qg3 c4 22. d4 Nd3 23. Rf1 b4 24. Ndf3 Qa5 25. cxb4 Qxb4 26. Bf4 Nxf4 27. Qxf4 Qxb2 28. Ne5 Ba4 29. Nhf3 Rb7 30. h4 Bc2 31. Bh3 c3 32. Rac1 Be4 33. Nc4 Qxa2 34. Nd6 Rb4 35. Nxe4 dxe4 36. Qxe4 Qa4 37. Rxc3 Bxd4+ 38. Nxd4 Rxd4 39. Qf3 Qb4 40. Rc8 Rd7 41. Rxf8+ Qxf8 42. Kh1 Qb4 43. h5 Qb7 44. h6 Qxf3+ 45. Rxf3 Rd5 46. Rg3 Kf8 47. Bg2 Rc5 48. Kh2 f6 49. gxf6 Rh5+ 50. Bh3 Rxh6 51. Kg2 Kf7 52. Rf3 e5 53. Be6+ 1-0

[Event "MCC Vernal Equinox"]
[Site "Natick"]
[Date "2014.03.11"]
[Round "2.4"]
[White "Shmeliov, Denis"]
[Black "Williams, Christopher"]
[Result "1/2-1/2"]
[WhiteElo "2496"]
[BlackElo "2277"]
[PlyCount "50"]
[EventDate "2014.03.04"]
[EventType "swiss"]
[EventRounds "4"]
[EventCountry "USA"]
[SourceTitle "EXT 2023"]
[Source "ChessBase"]
[SourceDate "2022.10.05"]
[SourceVersion "1"]
[SourceVersionDate "2022.10.05"]
[SourceQuality "1"]

1. d4 Nf6 2. c4 e6 3. Nc3 d5 4. cxd5 exd5 5. Bg5 Be7 6. e3 0-0 7. Bd3 c6 8. Qc2 Nbd7 9. Nf3 Re8 10. h3 Nf8 11. Bf4 Be6 12. 0-0-0 Qa5 13. Kb1 Rac8 14. Nd2 b5 15. Rc1 N6d7 16. f3 Qb6 17. g4 c5 18. dxc5 Bxc5 19. Bxb5 d4 20. exd4 Bxd4 21. Bxd7 Rxc3 22. Bxe8 Rxc2 23. Rxc2 g5 24. Bc7 Qa6 25. a3 Qd3 1/2-1/2

[Event "Philadelphia op 7th"]
[Site "Philadelphia"]
[Date "2013.03.27"]
[Round "1"]
[White "Williams, Christopher"]
[Black "Mulyar, Michael A"]
[Result "0-1"]
[WhiteElo "2150"]
[BlackElo "2382"]
[PlyCount "54"]
[EventDate "2013.03.27"]
[EventType "swiss"]
[EventRounds "9"]
[EventCountry "USA"]
[SourceTitle "CBM 153 Extra"]
[Source "ChessBase"]
[SourceDate "2013.04.22"]
[SourceVersion "1"]
[SourceVersionDate "2013.04.22"]
[SourceQuality "1"]

1. e4 e5 2. Nf3 Nc6 3. Bb5 a6 4. Ba4 Nf6 5. Qe2 b5 6. Bb3 Bc5 7. 0-0 0-0 8. d3 h6 9. Nc3 d6 10. h3 Be6 11. Nd5 Bxd5 12. exd5 Ne7 13. Nh4 Nexd5 14. Qf3 c6 15. a4 b4 16. Bd2 Nh7 17. Nf5 Qf6 18. Rae1 Nf4 19. d4 Qxf5 20. dxc5 Ng5 21. Qxc6 Rfc8 22. Qxd6 Nf3+ 23. Kh1 Rd8 24. Bxf4 Rxd6 25. gxf3 Rg6 26. Bg3 Qxh3+ 27. Kg1 h5 0-1

[Event "Foxwoods op 10th"]
[Site "Ledyard"]
[Date "2008.03.21"]
[Round "5"]
[White "Williams, Christopher"]
[Black "Paragua, Mark"]
[Result "0-1"]
[WhiteElo "2201"]
[BlackElo "2521"]
[PlyCount "78"]
[EventDate "2008.03.19"]
[EventType "swiss"]
[EventRounds "9"]
[EventCountry "USA"]
[SourceTitle "CBM 123 Extra"]
[Source "ChessBase"]
[SourceDate "2008.05.06"]
[SourceVersion "1"]
[SourceVersionDate "2008.05.06"]
[SourceQuality "1"]

1. d4 Nf6 2. Nf3 d5 3. c4 c6 4. cxd5 cxd5 5. Nc3 Nc6 6. Bf4 a6 7. Rc1 Bf5 8. Ne5 e6 9. e3 Qb6 10. Bd3 Nxe5 11. Bxe5 Bxd3 12. Qxd3 Nd7 13. Bg3 Qxb2 14. 0-0 Bb4 15. Nb1 Qxa2 16. Rc7 Qa4 17. Nc3 Qa3 18. Qc2 Ba5 19. Nb1 Qb4 20. Rc8+ Ke7 21. Rxa8 Rxa8 22. Qxh7 g6 23. Bf4 Rc8 24. Qh4+ Ke8 25. Qg3 Qb2 26. e4 dxe4 27. Qe3 Rc4 28. Qh3 Qxd4 29. Be3 Qd3 30. Qh8+ Nf8 31. Qa1 Bb4 32. Qa4+ Nd7 33. Qa1 e5 34. h3 f5 35. Qa2 Qc2 36. Qa1 f4 37. Bc1 Qd3 38. Na3 Rc3 39. Nb1 Qxf1+ 0-1

[Event "USA tt final playoff"]
[Site "ICC INT"]
[Date "2007.11.28"]
[Round "2"]
[White "Stopa, Jacek"]
[Black "Williams, Christopher"]
[Result "1-0"]
[WhiteElo "2410"]
[BlackElo "2187"]
[PlyCount "125"]
[EventDate "2007.11.28"]
[EventType "match (blitz)"]
[EventRounds "7"]
[EventCountry "USA"]
[SourceTitle "CBM 121 Extra"]
[Source "ChessBase"]
[SourceDate "2008.01.10"]
[SourceVersion "1"]
[SourceVersionDate "2008.01.10"]
[SourceQuality "1"]

1. Nf3 d5 2. g3 Nf6 3. Bg2 c6 4. 0-0 Bg4 5. d3 Nbd7 6. Nbd2 e5 7. e4 Bd6 8. h3 Bh5 9. Qe1 0-0 10. Nh4 Bg6 11. a4 Qc7 12. Qe2 h6 13. Nxg6 fxg6 14. c3 Kh8 15. h4 Nc5 16. Rd1 Rad8 17. a5 Ne6 18. Nf1 a6 19. Bh3 Nc5 20. Nd2 Rde8 21. Bg2 Ne6 22. Nf1 Bc5 23. Be3 d4 24. Bd2 Nh5 25. c4 Qd8 26. Nh2 Be7 27. Qg4 Rf6 28. b4 Ref8 29. Rf1 Kh7 30. Rab1 Nhf4 31. gxf4 Nxf4 32. Rb3 h5 33. Qd1 Qd7 34. Nf3 Nxg2 35. Ng5+ Kh8 36. Kxg2 Rf3 37. Qxf3 Rxf3 38. Nxf3 Qg4+ 39. Kh2 Qxf3 40. Rg1 Qxf2+ 41. Rg2 Qxh4+ 42. Kg1 g5 43. Rb1 g4 44. Rf1 Bg5 45. Bxg5 Qxg5 46. Rf5 Qe3+ 47. Kh1 Qxd3 48. Rxh5+ Kg8 49. Rg5 Qxe4 50. R5xg4 Qh7+ 51. Kg1 d3 52. Kf2 e4 53. Ke3 d2 54. Kxd2 Qh6+ 55. Ke2 Qh5 56. Ke3 Qh3+ 57. Kxe4 Qh7+ 58. Ke5 Qh5+ 59. Kd6 Qf5 60. Rxg7+ Kf8 61. Rg8+ Kf7 62. R2g7+ Kf6 63. Rf8+ 1-0

[Event "USA tt sf"]
[Site "ICC INT"]
[Date "2007.11.14"]
[Round "1"]
[White "Williams, Christopher"]
[Black "Zenyuk, Iryna"]
[Result "1-0"]
[WhiteElo "2187"]
[BlackElo "2192"]
[PlyCount "103"]
[EventDate "2007.11.19"]
[EventType "match"]
[EventRounds "1"]
[EventCountry "USA"]
[SourceTitle "EXT 2008"]
[Source "ChessBase"]
[SourceDate "2007.11.25"]
[SourceVersion "1"]
[SourceVersionDate "2007.11.25"]
[SourceQuality "1"]

1. d4 Nf6 2. c4 g6 3. Nf3 Bg7 4. g3 0-0 5. Bg2 d6 6. 0-0 Nc6 7. Bd2 e5 8. d5 Nd4 9. Nxd4 exd4 10. Bc1 Re8 11. Re1 Ng4 12. h3 Ne5 13. Nd2 Qe7 14. Kf1 Bf5 15. f4 Qd7 16. fxe5 Bxh3 17. e6 Bxg2+ 18. Kxg2 fxe6 19. e4 dxe3 20. Nf3 exd5 21. Qxd5+ Kh8 22. Bxe3 c6 23. Qd2 Qf7 24. Rac1 Rf8 25. Rf1 c5 26. b3 Rae8 27. Rce1 Qc7 28. Bf4 Rxe1 29. Rxe1 Qf7 30. Qd5 Qf6 31. Qe6 Qc3 32. Re3 Qc2+ 33. Re2 Qc3 34. Qe3 Qf6 35. Rd2 Qf7 36. Ng5 Qf5 37. Rxd6 h6 38. Nf3 Kh7 39. Rd5 Qb1 40. Rd2 Rf5 41. g4 Rf7 42. Bg3 b6 43. Qd3 Qa1 44. Re2 Rf8 45. a4 Rf7 46. Re6 Qb2+ 47. Kh3 Rf6 48. Be5 Rxf3+ 49. Qxf3 Bxe5 50. Qf7+ Bg7 51. Qxg6+ Kg8 52. Re8# 1-0

[Event "Miami op"]
[Site "Miami"]
[Date "2007.09.27"]
[Round "2"]
[White "Williams, Christopher"]
[Black "Friedel, Joshua E"]
[Result "1/2-1/2"]
[WhiteElo "2179"]
[BlackElo "2472"]
[PlyCount "112"]
[EventDate "2007.09.26"]
[EventType "swiss"]
[EventRounds "9"]
[EventCountry "USA"]
[SourceTitle "CBM 120 Extra"]
[Source "ChessBase"]
[SourceDate "2007.11.01"]
[SourceVersion "1"]
[SourceVersionDate "2007.11.01"]
[SourceQuality "1"]

1. d4 Nf6 2. Nf3 e6 3. c4 b6 4. g3 Ba6 5. b3 b5 6. cxb5 Bxb5 7. Nc3 Bb4 8. Bd2 Bc6 9. Bg2 0-0 10. 0-0 Qc8 11. Ne4 Bxe4 12. Bxb4 Re8 13. Bh3 Nc6 14. Bc3 Nd5 15. Bb2 Bxf3 16. exf3 a5 17. f4 a4 18. f5 a3 19. Bc1 exf5 20. Bxf5 g6 21. Bh3 Qa6 22. Qf3 Ncb4 23. Bxd7 Red8 24. Bh3 Nc2 25. Bg5 f6 26. Qe4 Ncb4 27. Bd2 Re8 28. Qh4 Rad8 29. Rfc1 Qd6 30. Bf1 f5 31. Rc4 Re4 32. Qg5 Rg4 33. Qh6 Nc6 34. Bg5 Re8 35. Rd1 Rge4 36. Bc1 Nde7 37. Qd2 Rd8 38. Qc3 Nxd4 39. Rdxd4 Rxd4 40. Bxa3 Qxa3 41. Rxd4 Rxd4 42. Qxd4 Qc1 43. Qf6 Qe1 44. Kg2 h6 45. Bc4+ Kh7 46. Qf7+ Kh8 47. a4 g5 48. Be6 Qe4+ 49. Kf1 Qb1+ 50. Ke2 Qc2+ 51. Ke3 Qc3+ 52. Ke2 Qc2+ 53. Kf1 Qb1+ 54. Kg2 Qe4+ 55. f3 Qe2+ 56. Kg1 Qe1+ 1/2-1/2

[Event "USA tt"]
[Site "ICC INT"]
[Date "2007.09.10"]
[Round "3"]
[White "Williams, Christopher"]
[Black "Wilson, Elvin"]
[Result "1-0"]
[WhiteElo "2179"]
[BlackElo "2277"]
[PlyCount "77"]
[EventDate "2007.08.29"]
[EventType "team"]
[EventRounds "10"]
[EventCountry "USA"]
[SourceTitle "CBM 120 Extra"]
[Source "ChessBase"]
[SourceDate "2007.11.01"]
[SourceVersion "1"]
[SourceVersionDate "2007.11.01"]
[SourceQuality "1"]

1. e4 e6 2. d4 d5 3. Nd2 c5 4. Ngf3 cxd4 5. exd5 Qxd5 6. Bc4 Qd6 7. 0-0 Nf6 8. Nb3 Nc6 9. Nbxd4 Nxd4 10. Nxd4 a6 11. Bg5 Qc5 12. Bxf6 gxf6 13. Qd3 Bd7 14. b4 Qh5 15. Rad1 0-0-0 16. Bxa6 Bd6 17. g3 Bc7 18. Qe4 Qd5 19. Qxd5 exd5 20. Be2 Be6 21. Rfe1 Rd6 22. a4 Rdd8 23. a5 Bb8 24. Bh5 Rd6 25. b5 Ba7 26. b6 Bb8 27. f4 f5 28. Re5 Kd7 29. Rde1 Rc6 30. Nxc6 Kxc6 31. R5e3 Bd6 32. Rb3 Bc5+ 33. Kg2 Ra8 34. Ra1 Kd6 35. Bf3 Bd7 36. a6 bxa6 37. b7 Rb8 38. Rxa6+ Bc6 39. c4 1-0

[Event "US Open-108"]
[Site "Cherry Hill"]
[Date "2007.08.05"]
[Round "9"]
[White "Goldstein, Brian"]
[Black "Williams, Christopher"]
[Result "1-0"]
[WhiteElo "2101"]
[BlackElo "2179"]
[PlyCount "101"]
[EventDate "2007.07.28"]
[EventType "swiss"]
[EventRounds "9"]
[EventCountry "USA"]
[SourceTitle "CBM 119 Extra"]
[Source "ChessBase"]
[SourceDate "2007.09.04"]
[SourceVersion "1"]
[SourceVersionDate "2007.09.04"]
[SourceQuality "1"]

1. b3 Nf6 2. Bb2 b6 3. e3 Bb7 4. f4 e6 5. Nf3 d5 6. Be2 Nbd7 7. 0-0 Bd6 8. Ne5 Bxe5 9. fxe5 Ng8 10. d4 Qg5 11. Rf3 g6 12. Nd2 Nh6 13. Bd3 0-0-0 14. Qe2 Kb8 15. a4 c5 16. a5 Nf5 17. e4 Nxd4 18. Bxd4 cxd4 19. exd5 Qxe5 20. Rxf7 Qxe2 21. Bxe2 Bxd5 22. axb6 axb6 23. Nf3 e5 24. Re7 Rhe8 25. Rxh7 Bb7 26. Bb5 Nf8 27. Rxb7+ Kxb7 28. Bxe8 Rxe8 29. Re1 Rc8 30. Rxe5 Rxc2 31. Nxd4 Rd2 32. Ne6 Nd7 33. Re3 Nf6 34. h3 Nh5 35. Rf3 Rd7 36. g4 Rd6 37. Nf8 Nf6 38. Nxg6 Nxg4 39. hxg4 Rxg6 40. Rf4 Kc6 41. Kg2 Kd5 42. Kg3 Ke5 43. Rb4 Rh6 44. g5 Rc6 45. Kg4 Ke6 46. Rf4 Ke7 47. Kh5 Rc8 48. g6 Rh8+ 49. Kg5 Rg8 50. Rf6 Rb8 51. g7 1-0

[Event "New England op 65th"]
[Site "Boxborough"]
[Date "2005.09.04"]
[Round "3"]
[White "Terrie, Henry L"]
[Black "Williams, Christopher"]
[Result "0-1"]
[WhiteElo "2166"]
[BlackElo "2072"]
[PlyCount "88"]
[EventDate "2005.09.03"]
[EventType "swiss"]
[EventRounds "6"]
[EventCountry "USA"]
[SourceTitle "CBM 108 Extra"]
[Source "ChessBase"]
[SourceDate "2005.11.04"]
[SourceVersion "1"]
[SourceVersionDate "2005.11.04"]
[SourceQuality "1"]

1. Nf3 Nf6 2. g3 d5 3. Bg2 c6 4. d3 Bg4 5. Nbd2 Nbd7 6. 0-0 e5 7. e4 Bd6 8. h3 Bh5 9. Qe1 Qe7 10. Nh4 Bg6 11. Qe2 0-0 12. Nxg6 hxg6 13. Re1 a5 14. a4 Rfe8 15. Nf1 Qe6 16. Ne3 Nc5 17. Ng4 dxe4 18. Nxf6+ gxf6 19. dxe4 Reb8 20. Bd2 Qe7 21. h4 Ne6 22. c3 Nc5 23. Be3 Qe6 24. h5 g5 25. Bf3 Kg7 26. Bg4 Qb3 27. Ra3 Qb6 28. h6+ Kxh6 29. Qc4 Kg7 30. Rd1 Be7 31. b4 axb4 32. cxb4 Qa6 33. Qa2 Nxe4 34. Rd7 Rh8 35. Be2 b5 36. Rxe7 Raf8 37. axb5 Qc8 38. Raa7 Nd6 39. g4 cxb5 40. Bc5 Qc6 41. f3 Nc4 42. Rec7 Qd5 43. Rd7 Qe6 44. Bxf8+ Rxf8 0-1